000 00592nam a2200229Ia 4500
003 OSt
005 20220928111321.0
006 a|||||r|||| 00| 0
007 ta
008 220927b |||||||| |||| 00| 0 eng d
024 _a48533
037 _cTextual
040 _aSDCL
_cSDCL
_beng
041 _2eng
_aeng
082 _aO152,1N44,1, M5
100 _aRathi Girdhar
_9393254
245 0 _aUnindey ki lori.
260 _aNew Delhi
_bRadha Kraishan
_c1985
300 _a72p.
_ccm.
942 _hO152,1N44,1, M5
_cTEXL
_2CC
999 _c739670
_d739670